Statistics for Mass Effect 2 general quiz

Click here to take the quiz!

General Stats

  • This quiz has been taken 658 times
    (578 since last reset)
  • The average score is 6 of 12

Answer Stats

HintAnswer% Correct
Miranda has a father and a...?Sister
89%
Who is the final character to be brought aboard your ship before the suicide mission?Legion
88%
Who has brittle bone disease?Jeff 'Joker' Moreau
83%
Which character survives a missile to the face?Garrus Vakarian
81%
Which Asari can become an imposter for her mother?Morinth
70%
What planet harbours the most missions revolving around your crew?Illium
54%
Which species can be kept as a pet on Tuchanka?Varren
47%
Who leads the clan of Urdnot? (assuming no ME1 playthroughs)Urdnot Wreav
29%
What are the three species named in Mordin's song like Gilbert and Sullivan?Turian, Asari and Batarian
26%
What does Jack want for your loyalty?To blow her up home as a child
25%
Who does the assassin plan to kill?Nassana Dantius
22%
Name the three key mercenary groups stationed in the terminus systems? (alphabetical)Blood Pack, Blue Suns and Eclipse
7%

Score Distribution

Percentile by Number Answered

Percent of People with Each Score

Your Score History

You have not taken this quiz since the last reset